Дело об употреблении коленкора, пропитанного несгораемым составом

RUSMARC
00005261cbc2a2200000#x 450
00177b20159-85c6-43af-b95f-ec966f99ecb8
00520200116150858.0
100##$a20170703l18481848k l0rusy0189 ca
1010#$arus
102##$aRU
2001#$aДело об употреблении коленкора, пропитанного несгораемым составом
$j6 июня - 26 августа 1848 г.
251##$cДело
300##$aПо Московской дирекции за 1848 год
300##$aРукописный текст. Чернила
801#0$aRU
$bРГИА
$c20170703
801#1$aRU
$bГлавНИВЦ
$c20170703
$2rusmarc
801#2$aRU
$bПБ им. Б.Н. Ельцина
$c20181229
$gRCR
$2rusmarc
850##$aФедеральное казенное учреждение "Российский государственный исторический архив" (РГИА)
852##$aРГИА
$j12003
937##$hРГИА
$d12245138
$aASBIBLIO_SCAN
462#0$1001dd3991dc-24e1-42ec-8838-ca4255420416
$12001
$a1746-1850 гг.
$vД. 12003
$1251
$cОпись
$1852
$j1
461#0$10019264ebf8-de62-4f1a-9eb4-9f22098dbbd5
$12001
$aДирекция императорских театров МИДв
$1251
$cФонд
$1852
$j497
215##$a6 листов
$d36,5х26 см
371##$aДокумент не является опубликованным и широко распространяемым
105##$ay###
1222#$ad18480606##
$ad18480826##
035##$a77b20159-85c6-43af-b95f-ec966f99ecb8
856##$uhttp://readingroom.main.prlib.ru/item.aspx?id_node=n122691118&mode=full
6061#$2nlr_sh1
$3RU\NLR\AUTH\66874930
$aТеатры
$xПожарная охрана
$jДокументы и материалы
60101$2prlib_sh
$3LIBNET\UAF\0000084209
$aРоссия
$bДирекция императорских театров
$bМосковская контора
$jДокументы и материалы
686##$2rubbk
$a85.33
$vLBC/M
686##$a68.923
$vLBC/M
$2rubbk
686##$a63.3(2)521-7
$vLBC/M
$2rubbk
605##$2acquisition_Prlib
$3LIBNET\UAF\0000080478
$aГод театра в России
$lколлекция
605##$2acquisition_Prlib
$3DITM\AF\0000004166
$aРоссия в лицах
$lколлекция
Формат отображения